| 000 | 00458nam a22001697a 4500 | ||
|---|---|---|---|
| 005 | 20230329153126.0 | ||
| 008 | 230329b ||||| |||| 00| 0 eng d | ||
| 040 | _cAL | ||
| 041 | _aEnglish | ||
| 082 |
_223 _a320/147 _bSHAP |
||
| 100 |
_aRam Sharma _979736 |
||
| 245 | _aParliamentary Government in India | ||
| 260 |
_aAllahabad _bCentral Book Depot _c1969 |
||
| 300 |
_avii,328 p. _bHB _c21.5x13.5 cm. |
||
| 700 |
_aSHARMA (Ram) _979737 |
||
| 942 |
_2ddc _cBB |
||
| 999 |
_c227098 _d227098 |
||